000 00459nam a2200181Ia 4500
005 20250423094919.0
008 250422s9999 xx 000 0 und d
020 _a9784865579
050 _aHF 5686.C8 .
100 _aAdeniji, Adeniyi A.
245 0 _aCost accounting: a managerial approach
250 _a6th ed.
260 _aLagos, Nigeria
260 _bBook Source Nigeria Limited
260 _c2009
650 _a Cost accounting.
942 _cBK
999 _c28674
_d28674